00873nam a22002417a 450000100040000000500170000402000400002102000180006104000230007905000230010208200140012510000160013924500660015526000350022130000400025650500080029652001980030452100200050252100200052265000220054265000320056470000350059674820241101104951.0 a0385321813 (hardcover : alk. paper) a9780439580472 aDLCcDLCdDLCbeng00aPZ7.S7242bOf 199600a[Fic]2201 aSoto, Gary.10aOff and running /cGary Soto ; illustrated by Eric Velasquez. aNew York :bScholastic,c1996. a136 pages :billustrations;c20 cm. aR  aWhen they learn that Rudy Herrera and Alex Garcia, two fifth-grade class clowns, plan to run against them in the school elections, Miata and her friend Ana know that they face a difficult race. a710 bLexile  aR bRaz-Plus  1aSchoolsxFiction. 1aMexican AmericansxFiction.1 aVelasquez, Eric,eillustrator.